Study Guide for Use with Macroeconomics (Record no. 5519)

MARC details
005 - DATE AND TIME OF LATEST TRANSACTION
control field 20250627071543.0
020 ## - INTERNATIONAL STANDARD BOOK NUMBER
International Standard Book Number 0-07-092240-3
082 ## - DEWEY DECIMAL CLASSIFICATION NUMBER
Classification number 339McC
100 ## - MAIN ENTRY--PERSONAL NAME
Author name McConnel
245 ## - TITLE STATEMENT
Title Study Guide for Use with Macroeconomics
250 ## - EDITION STATEMENT
Edition statement 3rd Ed.
260 ## - PUBLICATION, DISTRIBUTION, ETC.
Place of publication, distribution, etc. New York,
Name of publisher, distributor, etc. McGraw Hill,
Date of publication, distribution, etc. 2005.
300 ## - PHYSICAL DESCRIPTION
Extent 216p.; ill.; figure, table
Dimensions 25cm.
942 ## - ADDED ENTRY ELEMENTS (KOHA)
Source of classification or shelving scheme Dewey Decimal Classification
Koha item type Books
Holdings
Date last seen Total checkouts Full call number Barcode Cost, replacement price Price effective from Koha item type Lost status Source of classification or shelving scheme Damaged status Not for loan Withdrawn status Home library Current library Shelving location Date acquired Cost, normal purchase price
06/27/2025   339 McC DOM0003441 135000.00 06/27/2025 Books   Dewey Decimal Classification       CBE Dodoma CBE Dodoma General Collection 04/06/2009 45000.00
06/27/2025   339 McC DOM0003444 135000.00 06/27/2025 Books   Dewey Decimal Classification       CBE Dodoma CBE Dodoma General Collection 04/06/2009 45000.00
06/27/2025   339 McC DOM0003443 135000.00 06/27/2025 Books   Dewey Decimal Classification       CBE Dodoma CBE Dodoma General Collection 04/06/2009 45000.00
06/27/2025   339 McC DOM0003439 135000.00 06/27/2025 Books   Dewey Decimal Classification       CBE Dodoma CBE Dodoma General Collection 04/06/2009 45000.00
06/27/2025   339 McC DOM0004178 135000.00 06/27/2025 Books   Dewey Decimal Classification       CBE Dodoma CBE Dodoma General Collection 04/06/2009 45000.00
06/27/2025   339 McC DOM0003440 135000.00 06/27/2025 Books   Dewey Decimal Classification       CBE Dodoma CBE Dodoma General Collection 04/06/2009 45000.00
06/27/2025   339 McC DOM0003442 135000.00 06/27/2025 Books   Dewey Decimal Classification       CBE Dodoma CBE Dodoma General Collection 04/06/2009 45000.00